Poultry Business Feasibility and Supply Chain Analysis in Maharashtra (Record no. 359486)

MARC details
000 -LEADER
fixed length control field 00428nam a22001457a 4500
005 - DATE AND TIME OF LATEST TRANSACTION
control field 20240813111017.0
008 - FIXED-LENGTH DATA ELEMENTS--GENERAL INFORMATION
fixed length control field 240813b |||||||| |||| 00| 0 eng d
041 ## - LANGUAGE CODE
Language code of text/sound track or separate title eng
082 ## - DEWEY DECIMAL CLASSIFICATION NUMBER
Item number CHI
100 ## - MAIN ENTRY--PERSONAL NAME
Author Chikane Ashlesha-2K221014 & Ms. Rewati Pawar – Guide
245 ## - TITLE STATEMENT
Title Poultry Business Feasibility and Supply Chain Analysis in Maharashtra
260 ## - PUBLICATION, DISTRIBUTION, ETC.
Place of publication, distribution, etc. Pune
Name of publisher, distributor, etc. SPPU
Date of publication, distribution, etc. March-2024
300 ## - PHYSICAL DESCRIPTION
Extent 62p
942 ## - ADDED ENTRY ELEMENTS (KOHA)
Koha item type Project Reports
Holdings
Withdrawn status Lost status Source of classification or shelving scheme Damaged status Not for loan Home library Current library Date acquired Vendor Total Checkouts Full call number Barcode Date last seen Bill Date Koha item type Original Barcode
    Dewey Decimal Classification     Smt. Hiraben Nanavati Institute of Management & Research for Women Smt. Hiraben Nanavati Institute of Management & Research for Women 28/03/2024 HNIMR   CHI HIMR-PR-828 13/08/2024 13/08/2024 Project Reports PR0828